| 000 | 00921nam a22002057a 4500 | ||
|---|---|---|---|
| 999 |
_c1959 _d1959 |
||
| 003 | AR-CdUCM | ||
| 008 | 190228b ||||| |||| 00| 0 spa d | ||
| 040 |
_aMUNICIPALIDAD PROVINCIAL DEL CUSCO _cBIBLIOTECA MUNICIPAL DEL CUSCO |
||
| 082 |
_a321.4063 / _bS 1 |
||
| 110 |
_aSimposio Democracia y Economía de Mercado _97163 |
||
| 245 |
_aDemocracia y economía de mercado : _bPonencia y debates de un simposio / |
||
| 260 |
_aLima : _bInstituto Libertad y Democracia, _c1981. |
||
| 300 |
_a436 paginas ; _c21 cm. |
||
| 505 | _aLa higiene de la democracia -- La ideología y el poder -- Sobre la libertad y monopolios en la economía y los medios de información -- Interdependencia económica e independencia política -- Economía rentista ... | ||
| 650 |
_aEconomía de mercado _914 |
||
| 650 |
_aDemocracia y politica _97164 |
||
| 650 |
_aCongresos del Perú _97165 |
||
| 942 |
_2ddc _cLIBROS |
||
| 945 |
_arum _d2019-02-28 |
||